000 06380nas a2200577 a 4500
005 20111215103740.0
010 _aB-481794-822
020 _a9788128630071
_c240.00
035 _aB-481794-822
037 _bBlue Berry/Ven
082 _a032.02
245 _aRipley's believe it or not;
_bextremely unbelievable! /
_cText by Sheri Bell-Rehwoldt...(et al); edited by Rebecca Miles
260 _bEuro Books
_c2011
_aMumbai
270 _aDani Corporate Park, First Floor, 158, Vidyanagari Marg, Lalina,
_bMumbai
_e400098
300 _aUnpaged
_bcol. & b&w photos
_c24cm(Hb)
500 _a4 in 1
700 _aBell-Rehwoldt, Sheri
_936957
700 _aMiles, Rebecca
_936958
942 _2ddc
_cCH
_mRIP
_h032.02
999 _c59464
_d59464